A course of mathematical analysis

Αποθηκεύτηκε σε:
Λεπτομέρειες βιβλιογραφικής εγγραφής
Κύριος συγγραφέας: Nikolskii, S. M. (Sergei Mikhailovich), 1905-2012
Μορφή: Βιβλίο
Γλώσσα:English
Russian
Δημοσίευση: Moscow : Mir Publishers, 1977.
Θέματα:
Ετικέτες: Προσθήκη ετικέτας
Δεν υπάρχουν, Καταχωρήστε ετικέτα πρώτοι!

MARC

LEADER 00000cam a2200000 i 4500
001 1/98467
008 081129s1977 ru | ||| |||| ||eng||
035 |l 10102102 
040 |a GR-MyUA  |b gre  |e AACR2 
041 1 |a eng  |h rus 
082 0 |a 515  |2 (22) 
100 1 |a Nikolskii, S. M.   |q (Sergei Mikhailovich),   |d 1905-2012. 
245 1 2 |a A course of mathematical analysis /   |c S.M. Nikolskii ; translated from the V.M. Volosov.  
260 |a Moscow :   |b Mir Publishers,   |c 1977.  
300 |a 2 τ. (460, 440 σ.) :   |b σχέδια ;   |c 23 εκ.  
500 |a Η μετάφραση έχει γίνει από την Ρωσική έκδοση.  
500 |a Τίτλος πρωτοτύπου: Kurs mathematicheskogo analiza.  
504 |a Περιέχει ευρετήριο.  
650 0 0 |a Mathematical analysis. 
852 |a INST  |b SAMOS  |e 20171211  |h 515 ΝΙΚ  |p 005300045075  |q 005300045075  |t BK  |v τομ. 1:  |y 0 
852 |a INST  |b SAMOS  |e 20171211  |h 515 ΝΙΚ  |p 005300045076  |q 005300045076  |t BK  |v τομ.2:  |y 0 
852 |a INST  |b SAMOS  |c MAG  |e 20081129  |h 515 NIK  |p 005300029598  |q 005300029598  |t BK  |v τομ. 1:  |y 0 
853 |a INST  |b SAMOS  |h 515 ΝΙΚ 
901 |a BIBL3-2008-3 
909 |a Σ  |b 155381 
970 |a ΣΙΤΖΙΜΗ  |b ΓΙΑΣΕΜΗ  |z 2008/11/29